Thornton v Wakefield MBC (Record no. 30293)
[ view plain ]
| 000 -LEADER | |
|---|---|
| fixed length control field | 01629cab a2200229 4500 |
| 001 - CONTROL NUMBER | |
| control field | ABS44649 |
| 008 - FIXED-LENGTH DATA ELEMENTS--GENERAL INFORMATION | |
| fixed length control field | 090401t1991 xxu||||| |||| 00| 0 eng d |
| 035 ## - SYSTEM CONTROL NUMBER | |
| System control number | (Sirsi) u48218 |
| 041 ## - LANGUAGE CODE | |
| Language code of text/sound track or separate title | eng |
| 245 ## - TITLE STATEMENT | |
| Title | Thornton v Wakefield MBC |
| 260 ## - PUBLICATION, DISTRIBUTION, ETC. | |
| Date of publication, distribution, etc. | 1991 |
| 350 ## - PRICE (NR) (BK AM CF MU VM SE) [OBSOLETE] | |
| Price | 0 |
| 490 ## - SERIES STATEMENT | |
| Series statement | Rating & Valuation Reporter |
| Volume/sequential designation | (1991) 31 RVR 83-86(4) |
| 520 ## - SUMMARY, ETC. | |
| Summary, etc. | LT 6 March 1991. The council (W) compulsorily purchased T`s interest in a former theatre . The agreed valuation date was 31 March 1990. T had bought the building in July 1985 when local searches had shown no resolution to purchase compulsorily. Planning permission was granted in 1986 for retail units on the ground floor and a recreation area on the first floor. The permission contained a note that the building was in an area which the council proposed to redevelop as a town centre scheme. W resolved to compulsorily purchase all land and buildings affected by the scheme. T therefore ceased work on the building in December 1986 upon informal advice by a council officer that the compulsory purchase was necessary. It was agreed between the parties that the value of the repaired, refurbished and converted premises at the valuation date was £200,000. T put costs of repairs at £50,000 based on estimates received in 1986. W put them at £136,650 based on a detailed inspection as of April 1990 |
| 650 ## - SUBJECT ADDED ENTRY--TOPICAL TERM | |
| Topical term or geographic name entry element | CASTLEFORD |
| 650 ## - SUBJECT ADDED ENTRY--TOPICAL TERM | |
| Topical term or geographic name entry element | LAW CASE |
| 650 ## - SUBJECT ADDED ENTRY--TOPICAL TERM | |
| Topical term or geographic name entry element | QUEENS THEATRE |
| 650 ## - SUBJECT ADDED ENTRY--TOPICAL TERM | |
| Topical term or geographic name entry element | TOWN CENTRE REDEVELOPMENT |
| 690 ## - LOCAL SUBJECT ADDED ENTRY--TOPICAL TERM (OCLC, RLIN) | |
| Topical term or geographic name as entry element | ENVIRONMENTAL AND LAND CONSULTANCY-PLANNING AND DEVELOPMENT-COMPULSORY PURCHASE AND COMPENSATION |
| 942 ## - ADDED ENTRY ELEMENTS (KOHA) | |
| Suppress in OPAC | 0 |
| 948 ## - LOCAL PROCESSING INFORMATION (OCLC); SERIES PART DESIGNATOR (RLIN) | |
| c (OCLC) | 04/03/1997 |
| Withdrawn status | Lost status | Source of classification or shelving scheme | Damaged status | Not for loan | Home library | Current library | Shelving location | Date acquired | Total Checkouts | Full call number | Barcode | Date last seen | Copy number | Price effective from | Koha item type |
|---|---|---|---|---|---|---|---|---|---|---|---|---|---|---|---|
| Dewey Decimal Classification | London | London | Journal article | 14/09/1999 | ABS44649 | 48218-1001 | 06/08/2019 | 1 | 06/08/2019 | Law report |